La taberna (Registro nro. 4336)

Detalles MARC
000 -CABECERA
Longitud fija campo de control 00890nam a2200289 i 4500
005 - • FECHA Y HORA DE LA ÚLTIMA TRANSACCIÓN
Fecha y hora de la última transacción 20260309214731.0
008 - • CÓDIGOS DE INFORMACIÓN DE LONGITUD FIJA
Códigos de información de longitud fija 160601s2000 mx gs 000 0 spa d
020 ## - • NÚMERO INTERNACIONAL NORMALIZADO PARA LIBROS
Número Internacional Normalizado para Libros (ISBN) 9700721027
020 ## - • NÚMERO INTERNACIONAL NORMALIZADO PARA LIBROS
Número Internacional Normalizado para Libros (ISBN) 9789700721026
040 ## - FUENTE DE LA CATALOGACIÓN
Centro catalogador de origen CO-BoRNBP
Lengua de catalogación spa
Centro transcriptor CO-BoRNBP
Normas de descripción rda
041 0# - • CÓDIGO DE LENGUA
Código de lengua del texto/banda sonora o título independiente spa
084 ## - • Clasificación Local Alfanúmerica PNLB
Número de clasificación N ZOL1
100 1# - • PUNTO DE ACCESO PRINCIPAL-NOMBRE DE PERSONA
Nombre de persona Zola, Emile,
Fechas asociadas al nombre 1840-1902
Término indicativo de función autora
245 10 - • TITULO PROPIAMENTE DICHO
Título La taberna
Mención de responsabilidad, etc. Emilio Zola ; prólogo de Guy de Maupassant
250 ## - • MENCIÓN DE EDICIÓN
Mención de edición Cuarta edición
264 #1 - PRODUCCIÓN, PUBLICACIÓN , DISTRIBUCIÓN, FABRICACIÓN Y COPYRIGHT
Lugar de producción, publicación, distribución, fabricación México
Nombre del productor, editor, distribuidor, fabricante Porrúa
Fecha de de producción, publicación, distribución, fabricación o copyright 2000
300 ## - • DESCRIPCIÓN FÍSICA
Extensión 269 páginas
Dimensiones 22 cm
336 ## - TIPO DE CONTENIDO
Término de tipo de contenido texto
Código de tipo de contenido txt
Fuente rdacontent
337 ## - TIPO DE MEDIO
Nombre del tipo de medio sin mediación
Código del tipo de medio n
Fuente rdamedia
338 ## - TIPO DE SOPORTE
Nombre del tipo de soporte volumen
Código del tipo de soporte nc
Fuente rdacarrier
490 ## - • MENCIÓN DE SERIE
Mención de serie Sepan cuantos...
650 14 - • PUNTO DE ACCESO ADICIONAL DE MATERIA - TÉRMINO DE MATERIA
Término de materia o nombre geográfico como elemento inicial Novela francesa
Subdivisión cronológica Siglo XIX
Fuente del encabezamiento o término LEMB
650 14 - • PUNTO DE ACCESO ADICIONAL DE MATERIA - TÉRMINO DE MATERIA
Término de materia o nombre geográfico como elemento inicial Literatura francesa
Subdivisión cronológica Siglo XIX
Fuente del encabezamiento o término LEMB
650 14 - • PUNTO DE ACCESO ADICIONAL DE MATERIA - TÉRMINO DE MATERIA
Término de materia o nombre geográfico como elemento inicial Problemas sociales
Subdivisión de forma Novela
Fuente del encabezamiento o término LEMB
942 ## - ENTRADA DE ELEMENTOS AGREGADOS (KOHA)
Fuente de clasificaión o esquema
Koha [por defecto] tipo de item Libro Literatura
Existencias
Perdido Fuente de clasificación o esquema Estado Físico No para préstamo Forma de adquisición Localización permanente Localización actual Localización en estanterías Fecha adquisición Préstamos totales Signatura completa Código de barras Fecha última consulta Número de copia Fecha del precio de reemplazo Tipo de item de Koha
  Dewey Decimal Classification     Colección General Biblioteca Pública Dorado Biblioteca Pública Dorado Literatura 02/22/2023   NZOL1 DOR01836 02/22/2023 Ej.1 02/22/2023 Libro Literatura
  Dewey Decimal Classification     Colección General Biblioteca Pública José Eustasio Rivera - San Martin Biblioteca Pública José Eustasio Rivera - San Martin Literatura 06/08/2023   N ZOL1 SM001700 06/08/2023 Ej.1 06/08/2023 Libro Literatura
  Dewey Decimal Classification     Colección General Biblioteca Pública Puerto López - Jorge Eliecer Gaitán Biblioteca Pública Puerto López - Jorge Eliecer Gaitán General 09/26/2025   N ZOL1 PLZ04045 09/26/2025 Ej.1 09/26/2025 Libro Literatura
  Dewey Decimal Classification     Colección General Biblioteca Pública Barranca de Upia - María Dolores Herrera Biblioteca Pública Barranca de Upia - María Dolores Herrera Literatura 09/20/2023   N ZOL1 BUP00501 09/20/2023 Ej.1 09/20/2023 Libro Literatura
  Dewey Decimal Classification Damaged   Colección General Biblioteca Pública Cabuyaro Biblioteca Pública Cabuyaro Literatura 07/06/2023   NZOL1 CAB000519 07/06/2023 Ej.1 07/06/2023 Libro Literatura
  Dewey Decimal Classification     Sala General Biblioteca Pública Mapiripan Biblioteca Pública Mapiripan Literatura 01/15/2024   N ZOL1 MAP00002019 01/15/2024 Ej.1 01/15/2024 Libro Literatura
  Clasificación Local Facetada     Literatura General Biblioteca Pública San Juanito - Ernesto Maria Peña Romero Biblioteca Pública San Juanito - Ernesto Maria Peña Romero Literatura 03/09/2026   N ZOL1 SJU02886 03/09/2026 Ej.1 03/09/2026 Libro Literatura









Instituto Departamental de Cultura del Meta - Red Departamental de Bibliotecas Públicas del Meta.